<?xml version="1.0" encoding="UTF-8"?>
<collection xmlns="http://www.loc.gov/MARC21/slim">
 <record>
  <leader>00977nam a2200181 a 4500</leader>
  <controlfield tag="001">1/33880</controlfield>
  <controlfield tag="008">010208s1991    gr     j b    00000 gre d</controlfield>
  <datafield tag="035" ind1=" " ind2=" ">
   <subfield code="l">36313</subfield>
  </datafield>
  <datafield tag="040" ind1=" " ind2=" ">
   <subfield code="a">GR-PeUP</subfield>
  </datafield>
  <datafield tag="082" ind1="0" ind2="0">
   <subfield code="a">341.24'22 ΗΦΑ</subfield>
  </datafield>
  <datafield tag="100" ind1="1" ind2=" ">
   <subfield code="a">Ήφαιστος, Παναγιώτης.</subfield>
  </datafield>
  <datafield tag="245" ind1="1" ind2="3">
   <subfield code="a">Οι Σχέσεις της Κύπρου με τις Ευρωπαϊκές Κοινότητες, 1972-1990 :</subfield>
   <subfield code="b">Από τη Συμφωνία Σύνδεσης στην αίτηση ένταξης Ιστορικό, Προβλήματα, Προοπτικές /</subfield>
   <subfield code="c">Χαράλαμπος Τσαρδανίδης.</subfield>
  </datafield>
  <datafield tag="260" ind1="0" ind2=" ">
   <subfield code="a">Αθήνα :</subfield>
   <subfield code="b">Παπαζήση,</subfield>
   <subfield code="c">1991.</subfield>
  </datafield>
  <datafield tag="300" ind1=" " ind2=" ">
   <subfield code="a">469 σ. ;</subfield>
   <subfield code="c">20 εκ.</subfield>
  </datafield>
  <datafield tag="500" ind1=" " ind2=" ">
   <subfield code="a">Περιέχει βιβλιογραφία.</subfield>
  </datafield>
  <datafield tag="610" ind1="2" ind2="0">
   <subfield code="a">Ευρωπαϊκή Ένωση</subfield>
   <subfield code="z">Κύπρος..</subfield>
  </datafield>
  <datafield tag="700" ind1="1" ind2=" ">
   <subfield code="a">Τσαρδανίδης, Χαράλαμπος Γ.</subfield>
  </datafield>
  <datafield tag="852" ind1=" " ind2=" ">
   <subfield code="a">INST</subfield>
   <subfield code="b">UNIPILB</subfield>
   <subfield code="c">MAIN</subfield>
   <subfield code="e">20071115</subfield>
   <subfield code="h">341.24'22 ΗΦΑ</subfield>
   <subfield code="p">00154358</subfield>
   <subfield code="q">00154358</subfield>
   <subfield code="t">LOAN</subfield>
   <subfield code="y">0</subfield>
   <subfield code="4">1</subfield>
  </datafield>
 </record>
</collection>
